<?xml version="1.0" encoding="UTF-8"?>
<marc:record xmlns:marc="http://www.loc.gov/MARC21/slim">
   <marc:leader>00000nam a2200000 a 4500</marc:leader>
   <marc:datafield ind1="1" ind2=" " tag="100">
      <marc:subfield code="a">Allmayer-Beck, Johann Christoph</marc:subfield>
      <marc:subfield code="4">aut</marc:subfield>
      <marc:subfield code="e">Verfasser/-in</marc:subfield>
   </marc:datafield>
   <marc:datafield ind1="1" ind2=" " tag="100">
      <marc:subfield code="a">Schmidl, Erwin A.</marc:subfield>
      <marc:subfield code="4">edt</marc:subfield>
      <marc:subfield code="e">Bearbeiter/-in</marc:subfield>
   </marc:datafield>
   <marc:datafield ind1=" " ind2=" " tag="653">
      <marc:subfield code="a">Geschichte 1938-1945</marc:subfield>
   </marc:datafield>
   <marc:datafield ind1=" " ind2=" " tag="653">
      <marc:subfield code="a">Offizier</marc:subfield>
   </marc:datafield>
   <marc:datafield ind1=" " ind2=" " tag="653">
      <marc:subfield code="a">Weltkrieg</marc:subfield>
   </marc:datafield>
   <marc:datafield ind1=" " ind2=" " tag="653">
      <marc:subfield code="a">Heeresgeschichtliches Museum Wien</marc:subfield>
   </marc:datafield>
   <marc:datafield ind1=" " ind2=" " tag="653">
      <marc:subfield code="a">Kriegsarchiv des Österreichischen Staatsarchivs</marc:subfield>
   </marc:datafield>
   <marc:datafield ind1=" " ind2=" " tag="653">
      <marc:subfield code="a">Zweiter Weltkrieg</marc:subfield>
   </marc:datafield>
   <marc:datafield ind1=" " ind2=" " tag="653">
      <marc:subfield code="a">Softcover / Geschichte/20. Jahrhundert (bis 1945)</marc:subfield>
   </marc:datafield>
   <marc:datafield ind1=" " ind2=" " tag="653">
      <marc:subfield code="a">Erlebnisbericht</marc:subfield>
   </marc:datafield>
   <marc:datafield ind1="0" ind2="0" tag="245">
      <marc:subfield code="a">„Herr Oberleitnant, det lohnt doch nicht!“</marc:subfield>
   </marc:datafield>
   <marc:datafield ind1="0" ind2="0" tag="245">
      <marc:subfield code="b">Kriegserinnerungen an die Jahre 1938 bis 1945</marc:subfield>
   </marc:datafield>
   <marc:datafield ind1="0" ind2="0" tag="245">
      <marc:subfield code="c">Johann Christoph Allmayer-Beck. Hrsg. von Erwin A. Schmidl</marc:subfield>
   </marc:datafield>
   <marc:datafield ind1=" " ind2="1" tag="264">
      <marc:subfield code="a">Wien</marc:subfield>
      <marc:subfield code="b">Böhlau</marc:subfield>
      <marc:subfield code="c">2013</marc:subfield>
   </marc:datafield>
   <marc:datafield ind1="1" ind2=" " tag="520">
      <marc:subfield code="a">Angaben aus der Verlagsmeldung

„Herr Oberleitnant, det lohnt doch nicht!“ : Kriegserinnerungen an die Jahre 1938 bis 1945 / von Erwin A. Schmidl

Johann Christoph Allmayer-Beck, im August 1918 geboren, besuchte nach der Matura die traditionsreiche Theresianische Militärakademie in Wiener Neustadt und wurde nach dem „Anschluss“ 1938 nach Ostpreußen ausgemustert, in eine ihm fremde Welt, deren Reiz sich ihm erst langsam erschloss. Von 1939 bis 1945 nahm er als Artillerie-Offizier am Zweiten Weltkrieg teil, zuerst in Polen, dann in Frankreich und schließlich im nördlichen Teil der Ostfront. 1944/45 als Hauptmann in der Ausbildung zum Generalstab, erlebte er das Kriegsende in Salzburg. Nach kurzer US-Kriegsgefangenschaft studierte er in Innsbruck und Wien Geschichte und wurde Archivar im Kriegsarchiv, bevor er – von 1965 bis 1983 – das Heeresgeschichtliche Museum in Wien leitete. Darüber hinaus wurde er als Historiker, Schriftsteller und Präsident der Österreichischen Kommission für Militärgeschichte auch international anerkannt und gilt bis heute als Doyen der österreichischen Militärhistoriographie.
</marc:subfield>
   </marc:datafield>
   <marc:datafield ind1=" " ind2=" " tag="020">
      <marc:subfield code="a">9783205788911</marc:subfield>
      <marc:subfield code="9">9783205788911</marc:subfield>
   </marc:datafield>
   <marc:datafield ind1=" " ind2=" " tag="020">
      <marc:subfield code="a">3205788915</marc:subfield>
      <marc:subfield code="9">3205788915</marc:subfield>
   </marc:datafield>
   <marc:datafield ind1=" " ind2=" " tag="041">
      <marc:subfield code="a">ger</marc:subfield>
   </marc:datafield>
   <marc:datafield ind1=" " ind2=" " tag="300">
      <marc:subfield code="a">559 S.</marc:subfield>
   </marc:datafield>
</marc:record>
